00789nam a2200193 a 450000100100000000500170001000800410002704000250006810000370009324500890013025000110021926000350023030000270026549000440029271000850033683000510042195201060047299900170057800003849920250502073820.0130412s1985 000 spa d aDO-SdBNPbspacBNPHU1 aDanín Lobo, Luis Carlos92228610aIntroducción al estudio de organización y métodos /cLuis Carlos Danín Lobo. a4a ed. aSanto Domingo :bONAP ,c1985. a93 p. :bil. ;c21 cm.1 aColección estudios administrativosv21 aRepública Dominicana.bOficina Nacional de Administración y Personal 926398 0aColección estudios administrativosn2964853 0010507-18MOaPDbPDcOId2013-04-12iLF1l0o p38499-10r2020-06-25w2020-06-25y1ZNo se presta c37989d37989